Statistics for Top 30 Christmas Songs

Click here to take the quiz!

General Stats

  • This quiz has been taken 379 times
  • The average score is 9 of 30

Answer Stats

#Artist (Year)Song% Correct
7Mariah Carey (1994)All I Want For Christmas Is You
81%
8Bing Crosby (1942)White Christmas
81%
28Wham! (1984)Last Christmas
67%
9Band Aid (1984)Do They Know It's Christmas?
55%
4Brenda Lee (1958)Rockin' Around The Christmas Tree
50%
3John Lennon (1971)Happy Xmas (War Is Over)
47%
17U2 (1987)Christmas (Baby Please Come Home)
43%
6David Bowie and Bing Crosby (1977)The Little Drummer Boy
43%
16Diana Krall (2005)Jingle Bells
41%
1Nat King Cole (1961)The Christmas Song
40%
10The Pogues and Kirsty MacColl (1988)Fairytale of New York
35%
13Daryl Hall and John Oates (2006)Jingle Bell Rock
34%
15Justin Bieber (2011)Mistletoe
34%
12Ariana Grande (2014)Santa Tell Me
34%
18Jackie Evancho (2010)Silent Night
34%
5Bruce Springsteen and Bon Jovi (2003)Santa Claus Is Coming To Town
31%
27Jewel (1999)Rudolph The Red-Nosed Reindeer
28%
2Judy Garland (1944)Have Yourself A Merry Little Christmas
25%
14Jason Mraz (2003)Winter Wonderland
24%
22Celine Dion (1998)O Holy Night
22%
21Michael Bolton (1997)Joy To The World
12%
24Taking Back Sunday (2006)The 12 Days of Christmas
8%
11Vince Guaraldi (1965)Christmas Time Is Here
7%
26Run DMC (1987)Christmas In Hollis
6%
19Adam Sandler (1994)The Chanukah Song
6%
30David Seville (1958)The Chipmunk Song
5%
20Pentatonix (2014)That's Christmas To Me
4%
29Glee (2011)Christmas Wrapping
3%
25Josh Groban (2007)It Came Upon A Midnight Clear
2%
23Sarah McLachlan (2006)River
2%

Score Distribution

Percentile by Number Answered

Percent of People with Each Score

Your Score History

You have not taken this quiz